Massachusetts' 7th Congressional District Reps by Picture - Statistics

General Stats
  • This quiz has been taken 3 times
  • The average score is 12 of 30
Answer Stats
Picture Hint Answer % Correct
2019-Present Ayanna Pressley
100%
1976-2013 Ed Markey
100%
1877-1879 Benjamin Butler
67%
2013-2019 Mike Capuano
67%
1791-1793 Artemas Ward
33%
1872-1873 Constantine C. Esty
33%
1858-1863 Daniel W. Gooch
33%
1873-1875 Ebenezer R. Hoar
33%
1883-1887 Eben F. Stone
33%
1899-1913 Ernest W. Roberts
33%
1789-1791 | 1795-1797 George Leonard
33%
1869-1872 George M. Brooks
33%
1833-1843 George N. Briggs
33%
1863-1869 George S. Boutwell
33%
1821-1823 Henry W. Dwight
33%
1875-1877 John K. Tarbox
33%
1851-1853 John Z. Goodrich
33%
1843-1851 Julius Rockwell
33%
1937-1941 Lawrence J. Connery
33%
1913-1921 Michael Francis Phelan
33%
1803-1805 Nahum Mitchell
33%
1853-1857 Nathaniel P. Banks
33%
1921-1923 Robert S. Maloney
33%
1941-1963 Thomas J. Lane
33%
1963-1976 Torbert Macdonald
33%
1879-1883 William A. Russell
33%
1887-1893 William Cogswell
33%
1895-1899 William Emerson Barrett
33%
1893-1895 William Everett
33%
1923-1937 William P. Connery Jr.
33%
No matching quizzes found
Score Distribution
Percent of People with Each Score
Percentile by Number Answered
Your Score History
You have not taken this quiz